Special issue on managing the environment (Record no. 7707)
[ view plain ]
| 000 -LEADER | |
|---|---|
| fixed length control field | 00296pab a2200121 454500 |
| 008 - FIXED-LENGTH DATA ELEMENTS--GENERAL INFORMATION | |
| fixed length control field | 180718b1989 xxu||||| |||| 00| 0 eng d |
| 245 ## - TITLE STATEMENT | |
| Title | Special issue on managing the environment |
| 260 ## - PUBLICATION, DISTRIBUTION, ETC. | |
| Date of publication, distribution, etc. | 1989 |
| 300 ## - PHYSICAL DESCRIPTION | |
| Extent | 1-184 |
| 650 ## - SUBJECT ADDED ENTRY--TOPICAL TERM | |
| Topical term or geographic name entry element | Environment |
| 773 ## - HOST ITEM ENTRY | |
| Main entry heading | Journal of Social Issues |
| 909 ## - | |
| -- | 7707 |
| Withdrawn status | Lost status | Damaged status | Not for loan | Permanent Location | Current Location | Date acquired | Serial Enumeration / chronology | Barcode | Date last seen | Price effective from | Koha item type |
|---|---|---|---|---|---|---|---|---|---|---|---|
| Indian Institute of Public Administration | Indian Institute of Public Administration | 2018-07-19 | Volume no: 45, Issue no: 1 | AR7718 | 2018-07-19 | 2018-07-19 | Articles |
